01630cam a2200361 i 45000010008000000030006000080050017000140080041000310100013000720200023000850200026001080200023001340200026001570350090001830400114002730410013003870500010004000820010004102450072004202500011004922600047005033000023005503360026005733370028005993380027006275040050006545050210007045200160009146500037010746500069011116550062011807000026012426815222OCoLC20210205114954.0800923m19831985nyu b 001 0 eng  a80002443 a0385096305q(v. 1) a9780385096300q(v. 1) a0385188137q(v. 2) a9780385188135q(v. 2) a(OCoLC)6815222z(OCoLC)10473535z(OCoLC)778920473z(OCoLC)871379710z(OCoLC)871512120 aDLCbengcDLCdMUQdBAKERdNLGGCdBTCTAdYDXCPdITCdGEBAYdSGBdLMRdUIUdOCLCFdIG#dOCLCQdCFTdTUUdOCLCQ1 aenghmul bC477O bC477O04aThe Old Testament pseudepigrapha /cedited by James H. Charlesworth a1st ed aGarden City, N.Y. :bDoubleday,c1983-1985 a2 volumes ;c24 cm atextbtxt2rdacontent aunmediatedbn2rdamedia avolumebnc2rdacarrier aIncludes bibliographical references and index0 av. 1. Apocalyptic literature and testaments -- v. 2. Expansions of the "Old Testament" and legends, wisdom and philosophical literature, prayers, psalms, and odes, fragments of lost Judeo-Hellenistic works aExpansions of the "Old Testament" and legends, wisdom and philosophical literature, prayers, psalms and odes, and fragments of lost Judeo-Hellenistic works 0aApocryphal books (Old Testament) 0aApocryphal books (Old Testament)xCriticism, interpretation, etc 7aCriticism, interpretation, etc.2fast0(OCoLC)fst014116351 aCharlesworth, James H